00224nam a2200073Ia 4500082001500000245005900015100003500074008004100109 aSWA F INDL 0aINDLELA ILUKHUNI : Likhetselo Letindzaba Letimfishane  a Magagula Modison Salayedvwa 210825s9999 xx 000 0 und d